[Event "IECG QE.2001.0.00002"]
[Site "IECG email"]
[Date "2001.05.03"]
[Round "?"]
[White "Christensen, Marcos"]
[Black "Fotland, Petter"]
[Result "1-0"]
[WhiteElo "1200"]
[BlackElo "1260"]
[PlyCount "27"]
[EventDate "2001.05.03"]
[EventType "tourn (corr)"]
[EventRounds "6"]
[SourceTitle "Corr 2008"]
[Source "ChessBase"]
[SourceDate "2008.06.24"]
[SourceVersion "1"]
[SourceVersionDate "2008.06.24"]
[SourceQuality "1"]

1. e4 c6 2. d4 d5 3. Nc3 dxe4 4. Nxe4 Bf5 5. Nc5 b6 6. Nb3 Nf6 7. Nf3 e6 8. g3 Be7 9. Bg2 0-0 10. 0-0 Qc7 11. Bf4 Bd6 12. Bxd6 Qxd6 13. Ne5 a5 14. c3 1-0

[Event "IECG QE.2001.0.00002"]
[Site "IECG email"]
[Date "2001.05.03"]
[Round "?"]
[White "Fotland, Petter"]
[Black "Christensen, Marcos"]
[Result "0-1"]
[WhiteElo "1260"]
[BlackElo "1200"]
[PlyCount "32"]
[EventDate "2001.05.03"]
[EventType "tourn (corr)"]
[EventRounds "6"]
[SourceTitle "Corr 2008"]
[Source "ChessBase"]
[SourceDate "2008.06.24"]
[SourceVersion "1"]
[SourceVersionDate "2008.06.24"]
[SourceQuality "1"]

1. c4 Nf6 2. Nc3 g6 3. d4 Bg7 4. Nf3 d5 5. e3 0-0 6. cxd5 Nxd5 7. Nxd5 Qxd5 8. Qc2 Nc6 9. Bd2 Bg4 10. Be2 Rad8 11. Bc3 e6 12. 0-0 a6 13. Rfe1 Rfe8 14. Qa4 Rb8 15. h3 Bf5 16. Nd2 b5 0-1

[Event "IECG QE.2001.0.00002"]
[Site "IECG email"]
[Date "2001.05.03"]
[Round "?"]
[White "Poblete, Litos"]
[Black "Christensen, Marcos"]
[Result "0-1"]
[WhiteElo "1204"]
[BlackElo "1200"]
[PlyCount "60"]
[EventDate "2001.05.03"]
[EventType "tourn (corr)"]
[EventRounds "6"]
[SourceTitle "Corr 2008"]
[Source "ChessBase"]
[SourceDate "2008.06.24"]
[SourceVersion "1"]
[SourceVersionDate "2008.06.24"]
[SourceQuality "1"]

1. e4 c5 2. Nc3 Nc6 3. Nf3 Nf6 4. d4 d5 5. exd5 Nxd5 6. Nxd5 Qxd5 7. dxc5 Qxd1+ 8. Kxd1 Bg4 9. Be3 e5 10. Be2 f5 11. h3 0-0-0+ 12. Kc1 Bxf3 13. Bxf3 f4 14. Bd2 Bxc5 15. Bxc6 bxc6 16. Rf1 e4 17. b4 e3 18. fxe3 fxe3 19. Bc3 e2 20. Re1 Be3+ 21. Kb2 Rhe8 22. Rxe2 Bc1+ 23. Rxc1 Rxe2 24. Bxg7 Rxg2 25. Bf6 Rd7 26. h4 h6 27. Kb3 Rf7 28. Be5 Re2 29. Bd6 Rd2 30. Bc5 Rh2 0-1